000
00280nam a2200109Ia 4500
001
587499
005
20250717113817.0
008
250717s9999 xx 000 0 und d
245
0
_a
X-9 YAKINDAN TANIYIN İCATLAR
_c
LIONEL BENDER
260
_b
TÜBİTAK YAYINLARI
_c
2015
300
_b
20
999
_c
587499
_d
587499